5HLuxD.jpg

KING HENRY VIII SENIOR AND PRIMARY SCHOOL LIBRARY OPAC

Little Turtle and the changing sea / (Record no. 2480)

000 -LEADER
fixed length control field 01574cam a2200349 a 4500
001 - CONTROL NUMBER
control field 005451583
003 - CONTROL NUMBER IDENTIFIER
control field DLC
005 - DATE AND TIME OF LATEST TRANSACTION
control field 20230602141404.0
008 - FIXED-LENGTH DATA ELEMENTS--GENERAL INFORMATION
fixed length control field 201116s2020 ctua j b 000 1 eng d
010 ## - LIBRARY OF CONGRESS CONTROL NUMBER
LC control number 2020288804
020 ## - INTERNATIONAL STANDARD BOOK NUMBER
International Standard Book Number 9781680101997
Qualifying information (hbk.)
035 ## - SYSTEM CONTROL NUMBER
System control number (OCoLC)on1107442068
040 ## - CATALOGING SOURCE
Original cataloging agency YDX
Language of cataloging eng
Transcribing agency YDX
Modifying agency BDX
-- JBU
-- JAS
-- FMG
-- SDG
-- TI2
-- MNW
-- OQX
-- T3Q
-- OCLCF
-- YOL
-- ZHI
-- YEP
-- T2G
-- OCL
-- DLC
-- NPUST
-- KH8
Description conventions AACR2
041 0# - LANGUAGE CODE
Language code of text/sound track or separate title eng
042 ## - AUTHENTICATION CODE
Authentication code nbic
044 ## - COUNTRY OF PUBLISHING/PRODUCING ENTITY CODE
MARC country code ctu
082 ## - DEWEY DECIMAL CLASSIFICATION NUMBER
Classification number 823.92 DAV
100 1# - MAIN ENTRY--PERSONAL NAME
Personal name Davies, Becky.
Relator term Author
245 10 - TITLE STATEMENT
Title Little Turtle and the changing sea /
Statement of responsibility, etc. by Becky Davies ; illustrated by Jennie Poh.
260 ## - PUBLICATION, DISTRIBUTION, ETC.
Place of publication, distribution, etc. Wilton, CT :
Name of publisher, distributor, etc. Tiger Tales,
Date of publication, distribution, etc. 2020.
300 ## - PHYSICAL DESCRIPTION
Extent 1 v. (unpaged) :
Other physical details col. ill. ;
Dimensions 29 cm.
504 ## - BIBLIOGRAPHY, ETC. NOTE
Bibliography, etc. note Includes bibliographical references.
520 ## - SUMMARY, ETC.
Summary, etc. "Little Turtle loves her ocean home. Year after year, she travels to the beach where she was born, and along the way, she marvels at the wonderful sights around her. But during one journey, when she's older and bigger, Turtle notices that things look different in her ocean. Plastic bags and other pieces of garbage have been dropped into the water, and Turtle doesn't recognize her home anymore. Can anything - or anyone- save Turtle's beloved home?"--
Assigning source Provided by publisher.
650 #0 - SUBJECT ADDED ENTRY--TOPICAL TERM
Topical term or geographic name entry element Sea turtles
Form subdivision Juvenile fiction.
650 #1 - SUBJECT ADDED ENTRY--TOPICAL TERM
Topical term or geographic name entry element Sea turtles
Form subdivision Fiction.
650 #1 - SUBJECT ADDED ENTRY--TOPICAL TERM
Topical term or geographic name entry element Turtles
Form subdivision Fiction.
650 #1 - SUBJECT ADDED ENTRY--TOPICAL TERM
Topical term or geographic name entry element Water
General subdivision Pollution
Form subdivision Fiction.
650 #1 - SUBJECT ADDED ENTRY--TOPICAL TERM
Topical term or geographic name entry element Ocean
Form subdivision Fiction.
655 #7 - INDEX TERM--GENRE/FORM
Genre/form data or focus term Picture books.
Source of term lcgft.
700 1# - ADDED ENTRY--PERSONAL NAME
Personal name Poh, Jennie.
Relator term ill
942 ## - ADDED ENTRY ELEMENTS (KOHA)
Source of classification or shelving scheme
Koha item type Books - Fiction
Holdings
Withdrawn status Lost status Source of classification or shelving scheme Damaged status Not for loan Collection code Permanent Location Current Location Shelving location Date acquired Total Checkouts Full call number Barcode Date last seen Date last checked out Price effective from Koha item type
          Fiction KH8 Primary School Library KH8 Primary School Library Non Fiction 2023-06-02 21 823.92 DAV KHPL000004234 2026-03-18 2026-03-04 2023-06-02 Books - Fiction

Powered By KH8 IT Dept